| 000 | 00547nam a2200217Ia 4500 | ||
|---|---|---|---|
| 003 | GCL | ||
| 005 | 20240530110924.0 | ||
| 008 | 140319s1988 fr f f 000 0 eng d | ||
| 040 |
_aGCL / _cGCL |
||
| 082 | 0 | 4 |
_a759 _bB P |
| 100 | 1 | _aBoone, Daniele | |
| 245 | 1 | 0 |
_aPICASSO / _cDaniele Boone |
| 260 |
_aParis : _bFernand Hazan ، _c1988. |
||
| 300 |
_a138 p. : _bill ; _c30 cm. |
||
| 600 | 0 | 4 | _aPICASSO, PABLO, 1881 - 1973 |
| 650 | 0 | 4 | _aARTS |
| 650 | 0 | 4 | _aHISTORY AND CRITICISM |
| 650 | 0 | 4 | _aPAINTING |
| 650 | 0 | 4 | _aPAINTERS |
| 942 |
_2ddc _cBK |
||
| 999 |
_c66531 _d66531 |
||